Movies Quiz

Random Movies or Musical Quiz

Golden Globes (Musical/Comedy) Quiz Stats

 Plays Quiz Updated Jan 6, 2019

Score 0/72 Timer 12:00
1 Play Today
Year Film % Correct
2002Chicago
80.8%
2016La La Land
77.2%
1965The Sound of Music
72.5%
2001Moulin Rouge!
65%
1991Beauty and the Beast
63.7%
1972Cabaret
63.5%
2012Les Misérables
61.3%
1994The Lion King
59.5%
1964My Fair Lady
57.6%
1961West Side Story
57%
2015The Martian
56.4%
2018Green Book
53.5%
1982Tootsie
53%
1999Toy Story 2
51.1%
1968Oliver!
50.8%
2017Lady Bird
50.7%
2011The Artist
50.3%
1956The King and I
49.8%
1955Guys and Dolls
49.2%
2009The Hangover
49%
1971Fiddler on the Roof
48%
1996Evita
46.5%
1983Yentl
45.9%
1951An American in Paris
45.4%
1995Babe
44.8%
1993Mrs. Doubtfire
44.4%
1959Some Like It Hot
44.1%
1989Driving Miss Daisy
44%
1970M*A*S*H
43.4%
1998Shakespeare in Love
42.5%
2006Dreamgirls
42.5%
2014The Grand Budapest Hotel
42.4%
2013American Hustle
41.3%
1967The Graduate
41.3%
1981Arthur
41%
1976A Star Is Born
40.8%
Year Film % Correct
2007Sweeney Todd: The Demon Barber of Fleet Street
40.1%
1997As Good As It Gets
39.4%
1960The Apartment
39.4%
2005Walk the Line
39.3%
1958Gigi
39.1%
2004Sideways
37.6%
2003Lost in Translation
37.5%
1988Working Girl
35.6%
2000Almost Famous
34%
1986Hannah and Her Sisters
32.2%
1963Tom Jones
31.9%
1990Green Card
31.8%
1973American Graffiti
30.9%
1984Romancing the Stone
30.8%
1992The Player
29.5%
2010The Kids Are All Right
29.5%
1962The Music Man
29.2%
1977The Goodbye Girl
28.4%
1978Heaven Can Wait
28.1%
1980Coal Miner's Daughter
27.3%
1974The Longest Yard
27.1%
2008Vicky Cristina Barcelona
27%
1957Les Girls
26.8%
1985Prizzi's Honor
26.2%
1987Hope and Glory
26.2%
1979Breaking Away
26.1%
1958Auntie Mame
25.5%
1966The Russians Are Coming! The Russians Are Coming!
25%
1954Carmen Jones
23.2%
1975The Sunshine Boys
23.1%
1959Porgy and Bess
20.2%
1952With A Song In My Heart
19.8%
1962That Touch of Mink
18.1%
1961A Majority of One
16.9%
1969The Secret of Santa Vittoria
15%
1960 Song Without End
13.8%

You're not logged in!

Compare scores with friends on all Sporcle quizzes.
OR
Log In

Show Comments

Extras

Top Quizzes Today


Score Distribution

Your Account Isn't Verified!

In order to create a playlist on Sporcle, you need to verify the email address you used during registration. Go to your Sporcle Settings to finish the process.

Report this User

Report this user for behavior that violates our Community Guidelines.

Details: